000 00485nam a2200133Ia 4500
008 100328s9999 xx 000 0 und d
082 _b29708
100 _aदेवकुळे ज. ग.
245 _aआपला व्यवसाय आपले ग्राहक
260 _bस्मृति
630 _aआपला व्यवसाय आपले ग्राहक
730 _aआपला व्यवसाय आपले ग्राहक
942 _cBOOK
999 _c520720
_d520717